000 00480ngm a2200193 i 4500
001 C2-0310287
003 PPAK
005 20180727220532.0
008 110615s xxu|||| ||||| | vleng d
040 _aPPAK
_beng
_cPPAK
_erda
245 0 4 _aThe grudge 3
264 1 _aUnited States :
_c[n.d.]
336 _2rdacontent
_atext
337 _2rdamedia
_aunmediated
338 _2rdacarrier
_avolume
700 _eauthor
700 1 _aWilkins, Toby,
_ecompile
942 _2ddc
_cDVD
999 _c166345
_d166345